| 000 | 02027nam a2200481Ii 4500 | ||
|---|---|---|---|
| 001 | DIGNOWT0139 | ||
| 003 | NyNyDIG | ||
| 006 | m o d | ||
| 007 | cr ||||||||||| | ||
| 008 | 220520s2013 sp a ob 000 0 spa d | ||
| 035 | _a(OCoLC)849903377 | ||
| 040 |
_aDGITA _beng _erda _epn _cDGITA |
||
| 020 |
_a9788499674933 _qeBook _qePub |
||
| 020 |
_z9788499674926 _qimpresión bajo demanda |
||
| 020 | _z9788499674919 | ||
| 050 | 1 | 4 | _aBP161.3 ebook |
| 082 | 0 | 4 | _a297 |
| 100 | 1 |
_aBendriss, Ernest Yassine, _d1964- _eauthor. |
|
| 245 | 1 | 0 |
_aBreve historia del islam / _cErnest Yassine Bendriss. |
| 264 | 1 |
_aMadrid : _bNowtilus, _c[2013] |
|
| 300 |
_a1 online resource : _billustrations. |
||
| 336 |
_atext _btxt _2rdacontent |
||
| 336 |
_astill image _2rdacontent |
||
| 337 |
_acomputer _bc _2rdamedia |
||
| 338 |
_aonline resource _bcr _2rdacarrier |
||
| 347 |
_atext file _2rdaft |
||
| 347 | _bEPUB | ||
| 490 | 1 | _aColección: Breve historia | |
| 500 | _a"Descubra las dimensiones históricas y culturales del Islam y cómo cambió para siempre la socoedad árabe. Desde Mahoma, su fulgurante expansión territorial, su esplendor omeya y las conquistas de Solimán el Magnífico, hasta el declive otomano, el wahabismo y las derivas fundamentalistas e integristas de hoy día." | ||
| 504 | _aIncludes bibliographical references. | ||
| 588 | 0 | _aOnline resource; title from ePub title page (Digitalia, viewed May 20, 2022) | |
| 650 | 0 |
_aIslam _xHistory. |
|
| 650 | 0 |
_aIslam _xEssence, genius, nature. |
|
| 650 | 0 |
_aIslam _xDoctrines. |
|
| 655 | 0 | _aElectronic books. | |
| 776 | 0 | 8 |
_iPrint version: _aBendriss, Ernest Yassine, 1964- _tBreve historia del islam. _dMadrid : Nowtilus, 2013 _z9788499674919 |
| 791 | 2 |
_aDigitalia (Firm), _edistributor. |
|
| 793 | 0 |
_gDigitalia eBook Collection: _aEdiciones Nowtilus |
|
| 830 | 0 | _aBreve historia (Ediciones Nowtilus S.L.) | |
| 856 | 4 | 0 |
_3Digitalia Hispánica _uhttps://www.digitaliapublishing.com/a/84626/ |
| 910 | _aPremium collection: 2022 | ||
| 942 | _cRAA | ||
| 999 |
_c266428 _d266428 |
||